Průměrná diplomovka = veleúspěšný FedEx

Prvé myšlienky o logistických princípoch americkej spoločnosti FedEx sa objavili v nie dobre hodnotenej diplomovej práci Fredericka W. Smitha. O pár rokov neskôr sa z týchto myšlienok zrodila medzinárodná letecká spoločnosť s miliardovým obratom a s viac než 18 miliónami doručených balíkov denne po...

Celý popis

Uložené v:
Podrobná bibliografia
Hlavný autor: Blechová, Eva
Médium: Kapitola
Jazyk:Czech
Predmet:
Tagy: Pridať tag
Žiadne tagy, Buďte prvý, kto otaguje tento záznam!

MARC

LEADER 00000naa a2200000 4500
001 0277724
005 20210805120537.8
041 0 |a cze 
044 |a CZ 
245 1 0 |a Průměrná diplomovka = veleúspěšný FedEx  |c Eva Blechová 
520 |a Prvé myšlienky o logistických princípoch americkej spoločnosti FedEx sa objavili v nie dobre hodnotenej diplomovej práci Fredericka W. Smitha. O pár rokov neskôr sa z týchto myšlienok zrodila medzinárodná letecká spoločnosť s miliardovým obratom a s viac než 18 miliónami doručených balíkov denne po celom svete. 
610 2 0 |a logistika 
610 2 0 |a preprava 
610 2 0 |a tovar 
610 2 0 |a doprava letecká medzinárodná 
610 2 0 |a spoločnosti dopravné 
610 2 0 |a vývoj 
100 1 |a Blechová, Eva